00995nam a2200253Ia 4500003000400000005001700004008004100021020001800062040001800080041000800098082002200106100003100128245009500159250001200254260006700266300002900333650003800362650004000400650004100440650004100481942003500522999001900557952016500576OSt20230714095430.0210716s2001 xx 000 0 und d a9788173661433 cAIMIT LIBRARY aeng a004.694 21bREYM aReynolds, Matthew.9126860 aBeginning e- commerce with visual basic asp sql server 7.0 and mts /cBy Matthew Reynolds. a1st ed. aMumbai :bShroff Publishers and Distributors Pvt Ltd ,c2001. axiii,777p. ;bPBc24 cm. aBuilding the object model9126861 aPresenting our online store9126862 aStructuring the online store9126863 aBuilding the product catalog9126864 2ddccBKe1st ed.k004.694 REYM c185308d185308 00102ddc40708MCAaAIMITbAIMITeBook Worldg350.00iBill no:1484; Bill dt:2003-02-14l0o004.694 REYMpMCA04816r2025-07-21 00:00:00v297.50w2021-07-16yBK